Obálka Náhled e-knihy:
Epub
Pro půjčování e-knih musíte být přihlášeni.
Jak si půjčit online?

Země /

Rozsáhlý román, jehož ústředními postavami jsou především obdivuhodné ženy, jejichž životní příběhy a osudy se odehrávají v neklidném období druhé poloviny dvacátého století.

Uloženo v:
Hlavní autor: Epstein, Marek, 1975- (Autor)
Médium: E-kniha
Jazyk:Czech
Vydáno: Praha : Euromedia Group, 2022
Vydání:Vydání první
Témata:
Tagy:
Žádné tagy
LEADER 02097nam a2200409 i 4500
001 311754
003 CZ PrSKC
005 20260601215711.0
007 ta
008 221011s2022 xr g 000 f cze
015 |a cnb003463462 
020 |a 9788024282107  |q (vázáno) 
035 |a (OCoLC)1354196965 
040 |a ABG001  |b cze  |e rda 
072 7 |a 821.162.3-3  |x Česká próza  |2 Konspekt 
080 |a 821.162.3-31  |2 MRF 
080 |a (0:82-31)  |2 MRF 
100 1 |a Epstein, Marek,  |d 1975-  |7 xx0041517  |4 aut 
245 1 0 |a Země /  |c Marek Epstein 
250 |a Vydání první 
264 1 |a Praha :  |b Euromedia Group,  |c 2022 
300 |a 421 stran ;  |c 21 cm 
336 |a text  |b txt  |2 rdacontent 
337 |a bez média  |b n  |2 rdamedia 
338 |a svazek  |b nc  |2 rdacarrier 
500 |a "Vydala Euromedia Group, a.s., v edici Listen"--Tiráž 
500 |a Obálkový podnázev: příběh české rodiny 
520 2 |a Rozsáhlý román, jehož ústředními postavami jsou především obdivuhodné ženy, jejichž životní příběhy a osudy se odehrávají v neklidném období druhé poloviny dvacátého století.  |b Lea o všechno přišla. Několikrát. Válka jí vzala rodinu, komunisti dceru, škodolibost osudu partnera. Naštěstí ale dostala do vínku nevšední dar - téměř nadpřirozenou fyzickou sílu. Znovu a znovu ji ve svém těle nalézá, aby přemohla strach, aby našla dceru Mirabelku, aby si udržela lásku. Bude jí ale její dar na to všechno stačit? Nakladatelská anotace. Kráceno. 
655 7 |a české romány  |7 fd133974  |2 czenas 
655 9 |a Czech fiction  |2 eczenas 
900 |a ABA001  |b 19 
928 9 |a Euromedia Group - Listen 
928 9 |a Listen 
044 |a xr 
910 |a RBIT002 
998 |d 364029  |a https://core.palmknihy.cz/api/books/364029/cover?rldwyi  |b https://core.palmknihy.cz/api/books/364029/cover/400?rldwyi  |c https://core.palmknihy.cz/api/books/364029/cover/50?rldwyi  |e 2027-12-31  |g 424  |i 9788024282107  |j https://core.palmknihy.cz/api/books/364029/preview.epub  |l   |q 49  |r 1  |s https://www.palmknihy.cz/kniha/364029  |t ebook  |y 2022  |z 0 
999 |d 311752